000 00815nam a22002297a 4500
008 150521b xxu||||| |||| 00| 0 eng d
020 _a0023447206
050 _aeng
080 _a615.1
100 1 _aGoodman, Louis S.
_d1906-2000.
240 1 0 _aPharmacological basis of therapeutics
245 1 0 _aGoodman and Gilman's The pharmacological basis of therapeutics /
_c[editors, Alfred Goodman Gilman, Louis S. Goodman, Alfred Gilman, associate editors, Steven E. Mayer, Kenneth L. Melmon].
250 _a6th ed.
260 _aNew York :
_bMacmillan,
_cc1980.
300 _a1843 f. :
_bme il. ;
_c26 cm.
650 0 _aFarmakologji
650 0 _aKemoterapi
650 2 _aTerapi me barna
700 1 _aGilman, Alfred Goodman,
_d1941-,
_eeditor.
700 1 _aGilman, Alfred,
_d1908-1984,
_eeditor.
942 _2udc
_cBK
999 _c892
_d892